Îles du monde : classement par superficie - Statistiques

Statistiques générales
  • Ce quiz a été pris 24 fois
  • Le résultat moyen est 10 sur 20
Statistiques - réponses
Île Superficie (Km2) Continent % Correct
Groenland 2 130 800 Amérique du Nord
86%
Madagascar 587 041 Afrique
81%
Grande-Bretagne 209 331 Europe
76%
Cuba 109 884 Amérique du Nord
71%
Irlande 84 421 Europe
67%
Islande 103 000 Europe
67%
Bornéo 748 168 Asie
62%
Java 138 794 Asie
62%
Sri Lanka 65 610 Asie
62%
Sumatra 473 481 Asie
57%
Hokkaido 83 424 Asie
52%
Honshu 227 960 Amérique du Nord
48%
Nouvelle-Zélande Sud 150 437 Océanie
48%
Nouvelle-Guinée 785 753 Océanie
38%
Baffin 507 451 Amérique du Nord
29%
Ellesmere 196 236 Amérique du Nord
19%
Sulawesi 174 600 Asie
19%
Victoria 217 291 Amérique du Nord
19%
Luzon 109 965 Asie
10%
Mindanao 97 530 Asie
10%
Aucun quiz correspondant
Distribution des résultats
% des personnes avec chaque résultat
Percentile par nombre de réponses
Votre historique - résultats
Vous n’avez pas pris ce quiz